[Event "XX Sants Open 2018"]
[Site "Cotxeres de Sants"]
[Date "2018.08.22"]
[Round "6"]
[White "Escalante Ramirez, Brian Sebastian"]
[Black "Illescas Cordoba, Miguel"]
[Result "0-1"]
[WhiteElo "2438"]
[BlackElo "2605"]
[Annotator "TA"]
[PlyCount "124"]
[EventDate "2018.08.17"]
[EventType "swiss"]
[EventCountry "ESP"]
[SourceTitle "playchess.com"]
[Source "ChessBase"]
[SourceQuality "1"]

{[%evp 19,124,21,35,6,33,0,0,0,0,0,0,-14,-5,-13,-3,-19,0,0,0,0,0,0,0,0,0,0,0,0,0,-8,0,0,-6,-6,0,0,0,-12,-6,-8,-8,0,0,0,0,-9,0,0,0,0,0,0,0,-85,-34,-34,-34,-33,-33,-33,-33,-33,-15,-18,-26,-571,-559,-1531,-1333,-1316,-1435,-1184,-1079,-924,-807,-1131,-1097,-2317,-2536,-1146,-966,-12837,-12585,-12839,-12840,-12840,-12841,-12836,-2059,-12843,-12843,-12843,-12844,-12845,-12845,-12845,-12846,-12847,-12847,-12848,-12847,-12847,-12845,-12845,-12846,-12846,-12847]} 1. e4 c5 2. Nf3 e6 3. d4 cxd4 4. Nxd4 Nc6 5. Nc3 Qc7 6. Be3 a6 7. a3 b5 8. Nxc6 Qxc6 9. Be2 Bb7 {B49: Sicilian: Taimanov: 5 Nc3 Qc7 6 Be3 a6 7 Be2} 10. O-O Qc7 {LiveBook: 3 Games} 11. Qd2 $146 ({Predecessor:} 11. Qd3 Nf6 12. Rad1 b4 13. axb4 Bxb4 14. Bd4 e5 15. Qg3 d6 16. Be3 O-O 17. Bh6 {1-0 (38) Motylev,A (2675)-Stella,A (2505) Sitges 2017}) 11... Nf6 {The position is equal.} 12. Bf3 (12. Bf4 {looks sharper.} e5 13. Bg3 Nxe4 14. Nxe4 Bxe4 15. Bd3) 12... Bd6 13. g3 Be5 14. Bd4 d6 15. Bg2 O-O 16. Rfe1 Rac8 17. Re2 Qc4 18. Rd1 a5 {[%cal Ba6a5,Ba5b4][%mdl 32]} 19. f4 Bxd4+ 20. Qxd4 b4 21. axb4 axb4 22. Qxc4 Rxc4 23. Na2 Bxe4 ({Not} 23... Nxe4 $2 24. b3 $18) 24. Bxe4 Rxe4 25. Rxe4 Nxe4 26. Nxb4 $11 {[%mdl 4096] Endgame KRN-KRN} Rb8 27. Nd3 f5 28. Kf1 Kf7 29. Ra1 Kf6 30. Ke2 h5 31. Ke3 g5 32. b3 g4 33. Nf2 Nc5 34. Nd3 Nxd3 35. Kxd3 {KR-KR} h4 36. Ra3 {[#]} (36. Rb1 $11) 36... hxg3 (36... e5 $1 $17) 37. hxg3 $15 e5 38. fxe5+ dxe5 39. Ra6+ Kg5 40. Ra5 e4+ 41. Ke3 Rh8 {aiming for ...Rh3.} 42. Ra1 $2 {[%mdl 8192] [#]} (42. Rc5 $1 $11) 42... Rh2 $19 {Black is clearly winning.} 43. Rc1 {intending b4.} Rg2 44. b4 Rxg3+ 45. Kd4 Rh3 46. b5 g3 47. b6 Kg4 48. c4 g2 49. Rg1 Rd3+ 50. Ke5 Kf3 51. Rb1 e3 52. b7 Rd8 53. c5 e2 54. c6 Rd1 55. Rb3+ Kg4 56. b8=Q e1=Q+ {KQR-KQR} 57. Kf6 Qh4+ ({Weaker is} 57... g1=Q 58. Qg8+ Kf4 59. Qb8+ Rd6+ 60. Qxd6+ Kg4 61. c7 $17) 58. Kf7 Qh7+ 59. Kf6 Qh6+ 60. Kf7 Qh5+ 61. Kf6 Qg5+ 62. Kf7 g1=Q {Precision: White = 48%, Black = 75%.} 0-1

[Event "XX Sants Open 2018"]
[Site "Cotxeres de Sants"]
[Date "2018.08.22"]
[Round "6"]
[White "Froewis, Georg"]
[Black "Svetushkin, Dmitry"]
[Result "1/2-1/2"]
[WhiteElo "2419"]
[BlackElo "2580"]
[Annotator "TA"]
[PlyCount "143"]
[EventDate "2018.08.17"]
[EventType "swiss"]
[EventCountry "ESP"]
[SourceTitle "playchess.com"]
[Source "ChessBase"]
[SourceQuality "1"]

{[%evp 19,143,0,18,27,39,7,10,14,14,20,11,3,34,4,30,13,35,6,6,19,16,14,51,47,49,51,60,48,49,52,47,56,68,63,63,0,49,28,22,0,82,79,68,64,81,52,44,27,44,31,29,34,20,38,22,0,0,0,16,6,15,0,35,0,51,21,124,122,211,198,186,208,198,168,150,111,296,292,292,245,393,364,351,358,381,318,350,305,285,181,181,170,177,137,122,129,129,135,130,20,91,92,86,0,0,0,0,0,0,0,0,-186,0,0,0,0,0,0,0,0,0,0,0,0,0,0]} 1. Nf3 Nf6 2. c4 b6 3. g3 Bb7 4. Bg2 g6 5. Nc3 Bg7 6. O-O O-O 7. d4 Ne4 8. Nxe4 Bxe4 9. Be3 d6 {A50: Queen's Fianchetto Defence (1 d4 Nf6 2 c4 b6)} (9... c5 10. Qd2 d6 11. Rac1 Nd7 12. Rfd1 Nf6 13. Bh6 Qc7 14. Bxg7 Kxg7 15. Ne1 Rad8 16. f3 Bb7 17. d5 b5 18. b3 bxc4 19. bxc4 e5 {1-0 (56) Zherebukh,Y (2632)-Ipatov,A (2662) Saint Louis 2017}) 10. Qd2 Nd7 {LiveBook: 18 Games} 11. d5 c5 {White has an edge.} 12. dxc6 $146 ({Predecessor:} 12. Bh3 b5 13. Ng5 Nf6 14. f3 Bf5 15. Bxf5 gxf5 16. Nh3 Qd7 17. cxb5 {½-½ (30) Buettner,F (2403)-Wegelin,R (2478) Remote email 2012}) 12... Bxc6 13. Bh6 Rc8 14. Bxg7 Kxg7 15. b3 Qc7 16. Rfd1 Qb7 17. Qb2+ Kg8 18. a4 Rfd8 19. Rd4 a6 20. Qd2 Nf8 21. Rd1 Qc7 22. Qh6 f6 23. Qe3 Rb8 24. R4d2 Qd7 25. h4 Qe6 26. Qh6 {And now Nd4 would win.} Qf7 27. Qe3 (27. h5 $14) 27... Rdc8 28. Bh3 Bd7 29. Bg2 Ne6 (29... Bc6 $1 $11 {keeps the balance.}) 30. Nd4 $16 Nxd4 31. Rxd4 Bc6 32. Bd5 Bxd5 33. cxd5 f5 34. Rc1 Rc5 35. b4 Rxc1+ 36. Qxc1 $14 {[%mdl 4096] Endgame KQR-KQR} Qe8 37. Qc6 Kf7 38. Rc4 b5 39. axb5 axb5 40. Rc1 Ra8 41. Qb7 Kf6 ({Better is} 41... Qh8 $11) 42. Kg2 h6 (42... Ra2 $11) 43. Rc3 $16 Rb8 (43... Kf7 $16) 44. Qa7 $18 Ra8 45. Qe3 Qg8 46. Qd4+ ({But not} 46. Qxh6 $6 Qxd5+ 47. f3 Re8 $14) 46... Kf7 47. Re3 Rc8 $2 {[#]} (47... Qc8 $16) 48. Re6 $1 h5 49. e4 fxe4 (49... Rc4 {was called for.} 50. Qa7 Qe8) 50. Qxe4 Rc7 51. Qe2 Qe8 52. Qd3 Kg7 53. Qd4+ Kh7 54. Qe3 Qf7 55. Qe2 Rb7 56. Qc2 Ra7 57. Qe4 Rc7 58. Qe3 Kg7 59. Kh2 (59. Qd4+ $16 Kh7 60. Qe4) 59... Kh7 (59... Qf5 $11) 60. Kg1 $16 Kg7 61. g4 ({White should try} 61. Qg5 $16) 61... Kf8 $11 62. Qh6+ Ke8 {White should prevent ...Rc4.} 63. Qxg6 Rc4 64. gxh5 {Black must now prevent Qg5.} Rxh4 65. Qg3 $2 (65. Qg5 $11 {and White has nothing to worry.} Rxh5 {[#]} 66. Rxe7+ $1 {[%mdl 512]} Kd8 67. Rxf7+ Rxg5+ 68. Kh2) 65... Qxh5 $2 (65... Rxh5 $19 {...Qf5 is the strong threat.} 66. Qg4 (66. Qxd6 $2 Qg7+ 67. Kf1 Qa1+ 68. Ke2 Qb2+ 69. Kf1 Qb1+ 70. Ke2 Qc2+ 71. Ke3 Rh3+ 72. Qg3 Qc3+ 73. Ke2 Rxg3 $19) 66... Qf5 67. Qxf5 Rxf5) 66. Qg8+ $1 {The position is equal.} Kd7 67. Rxd6+ exd6 (67... Kxd6 $5 68. Qe6+ $8 Kc7 69. Qc6+ Kb8 70. Qxb5+ Kc8 71. Qc6+ Kb8 72. Qb6+ Kc8 73. Qc6+ Kb8 74. Qb5+ Kc8 75. Qc6+ $11) 68. Qe6+ Kd8 69. Qxd6+ Ke8 70. Qe6+ Kf8 71. Qf6+ Kg8 {( -> ...Rh1+)} 72. Qd8+ {Precision: White = 60%, Black = 54%.} 1/2-1/2

[Event "XX Sants Open 2018"]
[Site "Cotxeres de Sants"]
[Date "2018.08.22"]
[Round "6"]
[White "Ruiz Castillo, Joshua Daniel"]
[Black "Peralta, Fernando"]
[Result "0-1"]
[WhiteElo "2415"]
[BlackElo "2556"]
[Annotator "TA"]
[PlyCount "134"]
[EventDate "2018.08.17"]
[EventType "swiss"]
[EventCountry "ESP"]
[SourceTitle "playchess.com"]
[Source "ChessBase"]
[SourceQuality "1"]

{[%evp 24,134,0,0,0,0,0,-15,0,17,21,11,0,-5,8,-53,-62,-57,-35,-20,-27,-27,-27,-27,-27,-27,-27,-33,-24,-23,-26,-24,-12,-5,-4,-24,-24,-24,-23,-23,-23,-23,-24,-39,0,0,0,0,0,-88,-80,-86,-81,-82,0,-14,0,-79,-81,-87,-78,-77,-82,-77,-77,-77,-77,-77,-75,-110,-108,-177,-157,-171,-155,-306,-305,-536,-304,-641,-633,-623,-1009,-760,-633,-1035,-967,-955,-955,-763,-705,-616,-551,-604,-607,-1138,-1135,-1130,-1030,-672,0,-664,-635,-1424,-1312,-29972,-29970,-29968,-29966,-29976,-29976,-29968,-4622]} 1. e4 e6 2. d4 d5 3. Nc3 Nf6 4. e5 Nfd7 5. f4 c5 6. Nf3 Nc6 7. Be3 cxd4 8. Nxd4 Bc5 9. Qd2 O-O 10. O-O-O a6 11. h4 Nxd4 12. Bxd4 b5 13. a3 {LiveBook: 3 Games. C11: French: Classical System: 4 e5 and 4 Bg5 dxe4} (13. h5 b4 14. Ne2 a5 15. h6 g6 16. Kb1 Ba6 17. Nc1 Qc7 18. Nb3 Be7 19. Bd3 a4 20. Nc1 Rfc8 21. b3 {0-1 (30) Granda Zuniga,J (2646)-Narciso Dublan,M (2508) Sitges 2016}) 13... Qc7 14. Rh3 $146 ({Predecessor:} 14. Kb1 Rb8 15. h5 b4 16. axb4 Rxb4 17. Bxc5 Nxc5 18. Nxd5 Rxb2+ 19. Kxb2 exd5 20. Rb1 Ne4 {½-½ (37) Szczepanski,Z (2471)-Jonckheere,P (2427) ICCF email 2007}) 14... Rb8 15. Rg3 {The position is equal.} Bxd4 16. Qxd4 Qc5 17. Ne2 Qe7 18. Qe3 Nc5 ({Of course not} 18... Qxh4 19. Nd4 $14) 19. Nd4 (19. Nc3 $11 Bb7 20. h5) 19... Bd7 $1 $15 ({Don't blunder} 19... Qxh4 $2 20. Rh3 $18) 20. Bd3 b4 (20... f5 {looks sharper.} 21. exf6 Qxf6 22. Ne2 Rfc8 23. Qe5 Qxe5 24. fxe5 b4) 21. f5 {Threatens to win with f6.} Nxd3+ 22. Qxd3 exf5 23. Nxf5 Bxf5 24. Qxf5 Qxh4 25. Rh3 Qe4 26. Qxe4 dxe4 $11 {[%mdl 4096] Endgame KRR-KRR} 27. Rd4 f5 28. exf6 $1 bxa3 29. Rxa3 Rxf6 30. Rxe4 Rf1+ 31. Kd2 Rxb2 {aiming for ...Rf2+.} 32. Rxa6 Rf2+ 33. Kd3 Rbxc2 34. Ra8+ $1 Kf7 35. Ra7+ Kf6 {...Rfd2+ is the strong threat.} 36. Rg4 (36. Ra6+ $11 Kg5 37. Ra5+ Kg6 38. Rg4+ Kf7 39. Ra7+ Kf6 40. Rgxg7) 36... Rcd2+ 37. Ke3 Rde2+ 38. Kd3 Rd2+ (38... g5 $1 $17 {And now ...h5 would win.} 39. Rxh7 Kf5) 39. Ke3 Rde2+ (39... g5 $11 40. Rxh7 Rde2+ 41. Kd4 Kf5) 40. Kd3 $1 $17 g5 $1 {Strongly threatening ...h5.} 41. Rxh7 Kf5 ({Reject} 41... Rxg2 42. Rxg2 Rxg2 43. Ke4 $11) 42. Ra4 Rd2+ 43. Kc3 Rxg2 44. Ra5+ Kg6 45. Rh8 Rd6 $1 46. Rg8+ Kh5 47. Rh8+ {[#]} (47. Ra4 $17) 47... Rh6 $1 $19 48. Re8 Kh4 49. Kd3 $2 (49. Re1 $17 {was the only chance.} Rf6 50. Kd4) 49... g4 50. Ke3 $2 (50. Ra1) 50... Kg3 51. Ra3 $2 (51. Ra1) 51... Rf6 52. Ra1 Rf3+ 53. Kd4 Rd2+ 54. Kc4 Kf2 55. Ree1 g3 56. Rf1+ Kg2 57. Rh1 Rff2 58. Kc3 Rd8 59. Rag1+ Kf3 60. Rh7 Rc8+ 61. Kd3 Rd8+ 62. Kc3 $1 {intending Rf7+.} Rf8 63. Kd3 Rf4 64. Rg7 g2 {Black mates.} 65. Re1 Ra2 66. Rg1 Rg4 67. Rf7+ {[#]} Kg3 $1 {Precision: White = 45%, Black = 78%.} 0-1

[Event "XX Sants Open 2018"]
[Site "Cotxeres de Sants"]
[Date "2018.08.22"]
[Round "6"]
[White "Vargas Drechsler, Carlos"]
[Black "Grunfelder, Anthony"]
[Result "1/2-1/2"]
[WhiteElo "1902"]
[BlackElo "1860"]
[Annotator "NA"]
[PlyCount "60"]
[EventDate "2018.08.17"]
[EventType "swiss"]
[EventCountry "ESP"]
[SourceTitle "playchess.com"]
[Source "ChessBase"]
[SourceQuality "1"]
[TimeControl "40/5400+30:1800+30"]

1. e4 e5 2. Nf3 Nc6 3. Bc4 Nf6 4. d4 exd4 5. O-O Bc5 6. e5 d5 7. exf6 dxc4 8. Re1+ Be6 9. Ng5 Qd5 10. Nc3 Qf5 11. Nce4 O-O-O 12. g4 Qe5 13. Nxc5 Qxc5 14. Nxe6 fxe6 15. fxg7 Rhg8 16. Bh6 d3 17. c3 Ne5 18. Bf4 Ng6 19. Bg3 Rxg7 20. b4 Qd5 21. Qa4 Rf8 22. Qxa7 Nf4 23. Bxf4 Rxf4 24. Re3 Rfxg4+ 25. Rg3 h5 26. Qa8+ Kd7 27. Qa4+ Kc8 28. Qe8+ Qd8 29. Qxe6+ Qd7 30. Qxd7+ Kxd7 1/2-1/2

[Event "XX Sants Open 2018"]
[Site "Cotxeres de Sants"]
[Date "2018.08.22"]
[Round "6"]
[White "Alcala Gonzalez, Cesar"]
[Black "Santos Ramos, Carlos"]
[Result "0-1"]
[WhiteElo "1815"]
[BlackElo "1825"]
[Annotator "NA"]
[PlyCount "104"]
[EventDate "2018.08.17"]
[EventType "swiss"]
[EventCountry "ESP"]
[SourceTitle "playchess.com"]
[Source "ChessBase"]
[SourceQuality "1"]
[TimeControl "40/5400+30:1800+30"]

1. d4 {[%emt 0:00:00]} Nf6 {[%emt 0:00:00]} 2. c4 {[%emt 0:00:00]} e5 {[%emt 0:00:17]} 3. dxe5 {[%emt 0:00:00]} Ng4 {[%emt 0:00:09]} 4. Bf4 {[%emt 0:00:00]} Bb4+ {[%emt 0:00:11]} 5. Nd2 {[%emt 0:01:02]} Nc6 {[%emt 0:00:24]} 6. Ngf3 {[%emt 0:00:06]} Qe7 {[%emt 0:00:06]} 7. e3 {[%emt 0:00:29]} Ngxe5 {[%emt 0:00:33]} 8. Be2 {[%emt 0:00:15]} O-O {[%emt 0:01:06]} 9. O-O {[%emt 0:00:25] A52: Budapest Gambit} Ng6 {[%emt 0:05:01]} 10. Bg3 {[%emt 0:03:17]} Bd6 {[%emt 0:00:15]} 11. Bxd6 {[%emt 0:06:30]} Qxd6 {[%emt 0:00:03]} 12. Qc2 $146 {[%emt 0:00:34]} ({Predecessor:} 12. Ne4 Qe7 13. Nc3 d6 14. Nd5 Qd8 15. Rc1 Be6 16. Qd2 a5 {1-0 (75) Voltolini,G (2279)-Drazic,S (2508) Cesenatico 2000}) 12... f5 {[%emt 0:03:14]} 13. c5 {[%emt 0:15:35]} Qf6 {[%emt 0:00:26]} 14. b4 {[%emt 0:01:18]} Kh8 {[%emt 0:01:02]} 15. b5 {[%emt 0:06:51]} Nce5 {[%emt 0:00:12]} 16. Nxe5 {[%emt 0:06:00]} Nxe5 {[%emt 0:03:43]} 17. f4 {[%emt 0:04:49]} Ng4 {[%emt 0:02:22]} 18. Bxg4 {[%emt 0:01:09]} fxg4 {[%emt 0:00:02]} 19. Nc4 {[%emt 0:02:55]} d6 {[%emt 0:01:28]} 20. cxd6 {[%emt 0:00:37]} cxd6 {[%emt 0:00:14]} 21. Rad1 {[%emt 0:00:27]} Rd8 {[%emt 0:05:56]} 22. e4 {[%emt 0:04:59]} d5 {[%emt 0:11:17]} 23. exd5 {[%emt 0:06:43]} Bf5 {[%emt 0:00:53]} 24. Qf2 {[%emt 0:03:02]} Rac8 {[%emt 0:01:55]} 25. Ne5 {[%emt 0:08:01]} b6 {[%emt 0:06:54]} 26. Nc6 {[%emt 0:02:39]} Rd7 {[%emt 0:02:29]} 27. Rfe1 {[%emt 0:01:31]} h5 {[%emt 0:00:26]} 28. Qd4 {[%emt 0:03:06]} Qf8 {[%emt 0:08:13]} 29. d6 {[%emt 0:01:50]} Kh7 {[%emt 0:01:30]} 30. Re7 {[%emt 0:02:34]} Re8 {[%emt 0:03:07]} 31. Rxd7 {[%emt 0:03:03]} Bxd7 {[%emt 0:00:04]} 32. Nxa7 {[%emt 0:00:02]} Qf7 {[%emt 0:03:00]} 33. Qxb6 {[%emt 0:05:05]} Qxa2 {[%emt 0:00:28]} 34. Qc5 {[%emt 0:00:30]} g6 {[%emt 0:06:48]} 35. Qd5 {[%emt 0:02:19]} Qxa7+ {[%emt 0:00:08]} 36. Qd4 {[%emt 0:00:38]} Qxd4+ {[%emt 0:00:58]} 37. Rxd4 {[%emt 0:00:02]} Bxb5 {[%emt 0:00:14]} 38. Kf2 {[%emt 0:01:07]} Kg7 {[%emt 0:01:00]} 39. Kg3 {[%emt 0:02:13]} Kf6 {[%emt 0:00:20]} 40. Rd5 {[%emt 0:00:00]} Bd7 {[%emt 0:00:00]} 41. Kf2 {[%emt 0:04:59]} Rc8 {[%emt 0:00:57]} 42. Ke3 {[%emt 0:08:04]} Ke6 {[%emt 0:04:59]} 43. Rg5 {[%emt 0:00:41]} Kf6 {[%emt 0:00:41]} 44. Re5 {[%emt 0:00:21]} Rc6 {[%emt 0:00:29]} 45. Rd5 {[%emt 0:00:19]} Rc2 {[%emt 0:09:29]} 46. Re5 {[%emt 0:03:07]} Rc1 {[%emt 0:00:33]} 47. Kd4 {[%emt 0:00:38]} Be6 {[%emt 0:00:44]} 48. Rb5 {[%emt 0:02:13]} Rc6 {[%emt 0:00:32]} 49. Rb8 {[%emt 0:00:59]} Rxd6+ {[%emt 0:00:11]} 50. Ke3 {[%emt 0:00:01]} Bf5 {[%emt 0:00:45]} 51. Re8 {[%emt 0:00:39]} Re6+ {[%emt 0:03:05]} 52. Rxe6+ {[%emt 0:00:11]} Kxe6 {[%emt 0:00:14]} 0-1

[Event "XX Sants Open 2018"]
[Site "Cotxeres de Sants"]
[Date "2018.08.22"]
[Round "6"]
[White "Barragan Hernandez, Manel"]
[Black "Perez Garcia, Jose Miguel"]
[Result "0-1"]
[WhiteElo "1799"]
[BlackElo "1910"]
[Annotator "NA"]
[PlyCount "126"]
[EventDate "2018.08.17"]
[EventType "swiss"]
[EventCountry "ESP"]
[SourceTitle "playchess.com"]
[Source "ChessBase"]
[SourceQuality "1"]
[TimeControl "40/5400+30:1800+30"]

1. e4 c5 2. Nf3 e6 3. d4 cxd4 4. Nxd4 a6 5. Bd3 Nf6 6. O-O Qc7 7. Qe2 d6 8. c4 Nbd7 9. Nc3 {B42: Sicilian: Kan Variation: 5 Bd3} (9. f4 e5 10. Nf3 Be7 11. Nc3 b6 12. Kh1 Bb7 13. b3 b5 14. Nd5 Nxd5 15. cxd5 Bf6 16. f5 g6 17. Bg5 gxf5 18. Bxf6 Nxf6 {1-0 (33) Castellanos Rodriguez,R (2501)-Stocek,J (2566) Katowice 2017}) 9... Ne5 10. Bd2 Be7 11. b3 Nxd3 12. Qxd3 O-O $146 ({Predecessor:} 12... b6 13. f4 g6 14. Rae1 Bb7 15. f5 gxf5 16. exf5 e5 {0-1 (87) Meneses Gonzalez,K (2103)-Trujillo Alvarado,I (2173) Santa Cruz 2010}) 13. Rfe1 Rd8 14. Qg3 g6 15. Rad1 Bd7 16. Kh1 Rab8 17. Rc1 Re8 18. f4 Qc5 19. Be3 Qh5 20. h3 Red8 21. Nf3 Bc6 22. Bb6 Rdc8 23. Nd4 Be8 24. Nf3 Nd7 25. Ba7 Ra8 26. Bf2 Nc5 27. Rcd1 Nd7 28. Rc1 Bf6 29. e5 dxe5 30. fxe5 Be7 31. Ne4 Nc5 32. Nxc5 Bxc5 33. Bxc5 Rxc5 34. Ng5 Kg7 35. Qf4 h6 36. Ne4 Qxe5 37. Qd2 Rc7 38. Nf2 Qf5 39. Ng4 Qg5 40. Qb2+ Kf8 41. Qh8+ Ke7 42. Qxh6 Qxh6 43. Nxh6 f5 44. g4 Bc6+ 45. Kh2 Be4 46. g5 Rd8 47. Rcd1 Rcd7 48. Rxd7+ Rxd7 49. Re2 Rd1 50. Ng8+ Kd6 51. Nf6 Ke5 52. h4 $19 (52. Nxe4 fxe4 53. Kg3) 52... Kf4 53. Nxe4 fxe4 54. Rf2+ Ke5 55. Kg3 e3 56. Re2 Ke4 57. h5 gxh5 58. g6 Rd8 59. Kh4 Kf3 60. Rh2 e2 61. Rh3+ Kf4 62. Rh1 Rd1 63. g7 Rxh1# 0-1

[Event "XX Sants Open 2018"]
[Site "Cotxeres de Sants"]
[Date "2018.08.22"]
[Round "6"]
[White "Grasa Solanas, Oscar"]
[Black "Lujan Moreno, Royer Manuel"]
[Result "1/2-1/2"]
[WhiteElo "1646"]
[BlackElo "1477"]
[Annotator "NA"]
[PlyCount "55"]
[EventDate "2018.08.17"]
[EventType "swiss"]
[EventCountry "ESP"]
[SourceTitle "playchess.com"]
[Source "ChessBase"]
[SourceQuality "1"]
[TimeControl "40/5400+30:1800+30"]

1. c4 c5 2. g3 Nc6 3. Bg2 Nf6 4. Nf3 a6 5. O-O d6 6. Nc3 e5 7. d3 Be7 8. Rb1 Rb8 9. Ne1 Nd4 10. a3 Bd7 11. e3 Ne6 12. b4 b6 13. bxc5 bxc5 14. Bd2 O-O 15. Nd5 Nxd5 16. Bxd5 Nc7 17. Bg2 Qc8 18. Nc2 Ne6 19. Bc3 Bf6 20. Qd2 Ng5 21. e4 Bh3 22. Qe3 Bxg2 23. Kxg2 Qh3+ 24. Kg1 Rxb1 25. Rxb1 Qg4 26. Ne1 Nh3+ 27. Kf1 Ng5 28. Kg1 1/2-1/2

[Event "XX Sants Open 2018"]
[Site "Cotxeres de Sants"]
[Date "2018.08.22"]
[Round "6"]
[White "Torres Janer, Marc"]
[Black "Romero Funieles, Rafael de Jesus"]
[Result "0-1"]
[WhiteElo "1530"]
[BlackElo "1642"]
[Annotator "NA"]
[PlyCount "80"]
[EventDate "2018.08.17"]
[EventType "swiss"]
[EventCountry "ESP"]
[SourceTitle "playchess.com"]
[Source "ChessBase"]
[SourceQuality "1"]
[TimeControl "40/5400+30:1800+30"]

1. e4 {[%emt 0:00:00]} a6 {[%emt 0:08:53]} 2. Nf3 {[%emt 0:00:11]} e6 {[%emt 0:00:17]} 3. d4 {[%emt 0:01:24]} d6 {[%emt 0:01:26]} 4. Bc4 {[%emt 0:02:09]} Be7 {[%emt 0:00:51]} 5. O-O {[%emt 0:00:25]} h6 {[%emt 0:04:30]} 6. Nc3 {[%emt 0:03:11]} Nf6 {[%emt 0:02:39]} 7. e5 {[%emt 0:03:19]} dxe5 {[%emt 0:01:40]} 8. Nxe5 {[%emt 0:03:59]} c6 {[%emt 0:03:08]} 9. Ne2 {[%emt 0:03:26]} b5 {[%emt 0:01:22]} 10. Bb3 {[%emt 0:01:25]} Bb7 {[%emt 0:00:22]} 11. c3 {[%emt 0:01:25]} Nbd7 {[%emt 0:01:14]} 12. Nxd7 {[%emt 0:04:24]} Qxd7 {[%emt 0:00:31]} 13. Bc2 {[%emt 0:04:39]} Rd8 {[%emt 0:01:13]} 14. Bf4 {[%emt 0:03:10]} Qc8 {[%emt 0:02:47]} 15. Qc1 {[%emt 0:03:51]} c5 {[%emt 0:01:19]} 16. dxc5 {[%emt 0:06:27]} Qxc5 {[%emt 0:00:52]} 17. Qe3 {[%emt 0:05:46]} Qc6 {[%emt 0:01:59]} 18. Qg3 {[%emt 0:07:37]} Nh5 {[%emt 0:05:54]} 19. Qg4 {[%emt 0:04:10]} Nf6 {[%emt 0:08:34]} 20. Qg3 {[%emt 0:04:05]} Qc4 {[%emt 0:02:18]} 21. Nd4 {[%emt 0:09:05]} Nh5 {[%emt 0:03:18]} 22. Qg4 {[%emt 0:06:56]} Rxd4 {[%emt 0:07:59]} 23. cxd4 {[%emt 0:01:54]} Qxc2 {[%emt 0:04:20]} 24. Qxh5 {[%emt 0:01:07]} Qxb2 {[%emt 0:05:10]} 25. Be5 {[%emt 0:03:16]} g6 {[%emt 0:03:51]} 26. Qg4 {[%emt 0:01:53]} O-O {[%emt 0:00:42]} 27. Qg3 {[%emt 0:03:24]} Qe2 {[%emt 0:03:09]} 28. Qe3 {[%emt 0:02:33]} Qg4 {[%emt 0:04:28]} 29. f3 {[%emt 0:00:54]} Qf5 {[%emt 0:02:04]} 30. Qf4 {[%emt 0:03:06]} Qxf4 {[%emt 0:04:10]} 31. Bxf4 {[%emt 0:00:10]} g5 {[%emt 0:00:03]} 32. Be3 {[%emt 0:00:00]} Bb4 {[%emt 0:00:55]} 33. Rfc1 {[%emt 0:00:00]} Bd5 {[%emt 0:00:54]} 34. a3 {[%emt 0:00:56]} Bd6 {[%emt 0:00:36]} 35. Bd2 {[%emt 0:02:22]} Ra8 {[%emt 0:01:05]} 36. Bb4 {[%emt 0:01:49]} Bf4 {[%emt 0:00:16]} 37. Rd1 {[%emt 0:02:33]} Bc4 {[%emt 0:01:49]} 38. Bd2 {[%emt 0:00:29]} Bc7 {[%emt 0:01:16]} 39. Rdc1 {[%emt 0:00:48]} Bb6 {[%emt 0:00:30]} 40. h3 {[%emt 0:00:00]} Bxd4+ {[%emt 0:00:00]} 0-1

[Event "XX Sants Open 2018"]
[Site "Cotxeres de Sants"]
[Date "2018.08.22"]
[Round "6"]
[White "Fontela Hidalgo, Victor"]
[Black "Martinez Torras, Pol"]
[Result "0-1"]
[WhiteElo "1510"]
[BlackElo "1642"]
[Annotator "NA"]
[PlyCount "73"]
[EventDate "2018.08.17"]
[EventType "swiss"]
[EventCountry "ESP"]
[SourceTitle "playchess.com"]
[Source "ChessBase"]
[SourceQuality "1"]
[TimeControl "40/5400+30:1800+30"]

1. e4 d6 2. d4 Nf6 3. Nc3 g6 4. f4 Bg7 5. Nf3 O-O 6. Bd3 c6 7. a4 Qc7 8. e5 Ne8 9. O-O a6 10. a5 b5 11. axb6 Qxb6 12. Kh1 Bg4 13. Ne2 Nd7 14. c3 Nc7 15. Qc2 c5 16. Be3 Nd5 17. Bg1 Bxf3 18. Rxf3 Rab8 19. dxc5 dxc5 20. b4 Qc7 21. Qd2 cxb4 22. Bxg6 hxg6 23. Qxd5 Rb5 24. Qa2 Ra8 25. e6 b3 26. exf7+ Kxf7 27. Qb1 e6 28. Rg3 Nf8 29. Nd4 Bxd4 30. Bxd4 b2 31. Ra2 Rab8 32. Be5 Qc4 33. Rxa6 R8b7 34. Ra8 Qe4 35. Rd3 Qxd3 36. Ra4 Qe4 37. c4 0-1

[Event "XX Sants Open 2018"]
[Site "Cotxeres de Sants"]
[Date "2018.08.23"]
[Round "7"]
[White "Demchenko, Anton"]
[Black "Gledura, Benjamin"]
[Result "1/2-1/2"]
[WhiteElo "2670"]
[BlackElo "2626"]
[Annotator "TA"]
[PlyCount "67"]
[EventDate "2018.08.17"]
[EventType "swiss"]
[EventCountry "ESP"]
[SourceTitle "playchess.com"]
[Source "ChessBase"]
[SourceQuality "1"]

{[%evp 15,67,13,17,5,30,20,20,6,62,29,50,21,44,29,30,18,37,24,34,33,31,16,31,31,22,27,33,14,14,14,7,10,16,0,0,0,0,0,0,0,0,-3,0,0,0,-17,0,0,0,0,0,-9,-3,-5]} 1. e4 e5 2. Nf3 Nc6 3. Bc4 Bc5 4. d3 Nf6 5. c3 O-O 6. Bg5 {[%cal Bc1g5,Bg5h4,Bh4g3,Bg3h2][%mdl 32]} h6 {C54: Giuoco Piano: 4 c3 Nf6, main lines with 5 d4 and 5 d3} 7. Bh4 Be7 8. Bg3 (8. Nbd2 d6 9. a4 Nh5 10. Bg3 g6 11. h3 Nxg3 12. fxg3 Kg7 13. O-O f5 14. Qe2 {½-½ (47) Harikrishna,P (2733)-Inarkiev,E (2693) Germany 2018}) 8... d6 {LiveBook: 6 Games} 9. a4 g6 10. h3 $146 ({Predecessor:} 10. Nbd2 Nh5 11. Nf1 Bf6 12. Ne3 Nxg3 13. fxg3 Ne7 14. O-O {½-½ (32) Gabrielian,A (2502)-Mihajlov,S (2378) Lisbon 2018}) 10... Nh5 11. Bh2 Bf6 (11... Kg7 $11) 12. Nbd2 {[%cal Bb1d2,Bd2f1,Bf1e3,Be3d5][%mdl 32]} Bg7 13. Nf1 Qe8 14. Ne3 Be6 15. Bxe6 Qxe6 16. O-O a5 17. Nd5 Rac8 18. Nd2 Ne7 19. Nxe7+ Qxe7 20. Nc4 b6 21. b4 axb4 {The position is equal.} 22. cxb4 Nf4 23. Ne3 c6 24. Rc1 Ne6 25. b5 cxb5 {aiming for ...Rxc1.} 26. Nd5 Qb7 {...Rxc1 is the strong threat.} 27. axb5 Nd4 {[#] Threatens to win with ...Rxc1.} 28. Kh1 Rxc1 29. Qxc1 Nxb5 30. Qb2 Nd4 31. Qxb6 Qxb6 32. Nxb6 Rb8 33. Nc4 Rb3 34. Nxd6 {Precision: White = 54%, Black = 43%.} 1/2-1/2